000 00198 a2200097 4500
020 _a9780824518103
041 _aeng
100 _aMayeul de Dreuille Osb
245 _aFrom East To West
942 _cBK
999 _c11076
_d11076